1936, itinéraire d'un enfant espagnol : (Record no. 193407)
[ view plain ]
| 000 -LEADER | |
|---|---|
| campo de control de longitud fija | 02467nam a2200373 i 4500 |
| 001 - NÚMERO DE CONTROL | |
| campo de control | 193407 |
| 003 - IDENTIFICADOR DE NÚMERO DE CONTROL | |
| campo de control | ES-MaACL |
| 005 - FECHA Y HORA DE LA ÚLTIMA TRANSACCIÓN | |
| campo de control | 20250709184438.0 |
| 007 - CAMPO FIJO DE DESCRIPCIÓN FÍSICA--INFORMACIÓN GENERAL | |
| campo de control de longitud fija | ta |
| 008 - DATOS DE LONGITUD FIJA--INFORMACIÓN GENERAL | |
| campo de control de longitud fija | 231121b sp ||||| |||| 00| 0 spa d |
| 020 ## - NÚMERO INTERNACIONAL ESTÁNDAR DEL LIBRO | |
| Número Internacional Estándar del Libro | 9782342034875 |
| 040 ## - FUENTE DE CATALOGACIÓN | |
| Lengua de catalogación | spa |
| Centro/agencia transcriptor | ES-MaACL |
| 080 ## - NÚMERO DE LA CLASIFICACIÓN DECIMAL UNIVERSAL | |
| Número de la Clasificación Decimal Universal | 94(460)"1936/39"(093.3) |
| 100 1# - ENTRADA PRINCIPAL--NOMBRE DE PERSONA | |
| 9 (RLIN) | 234569 |
| Nombre de persona | Rejas, Mari Carmen, |
| Fechas asociadas al nombre | 1955- |
| Término indicativo de función/relación | Autor |
| 245 10 - MENCIÓN DEL TÍTULO | |
| Título | 1936, itinéraire d'un enfant espagnol : |
| Resto del título | Paco, l'impossible oubli / |
| Mención de responsabilidad, etc. | Mari Carmen Rejas ; [préface de Carmen Pineira-Tresmontant] |
| 260 ## - PUBLICACIÓN, DISTRIBUCIÓN, ETC. | |
| Lugar de publicación, distribución, etc. | Paris : |
| Nombre del editor, distribuidor, etc. | Société des Écrivains; |
| Fecha de publicación, distribución, etc. | [2015] |
| 300 ## - DESCRIPCIÓN FÍSICA | |
| Extensión | 98 páginas : |
| Otras características físicas | ilustraciones (blanco y negro) ; |
| Dimensiones | 21 cm |
| 336 ## - TIPO DE CONTENIDO | |
| Fuente | rdacontent |
| Término de tipo de contenido | Texto |
| 337 ## - TIPO DE MEDIO | |
| Fuente | rdamedia |
| Nombre/término del tipo de medio | sin mediación |
| 338 ## - TIPO DE SOPORTE | |
| Fuente | rdacarrier |
| Nombre/término del tipo de soporte | volumen |
| 500 ## - NOTA GENERAL | |
| Nota general | Índice |
| 500 ## - NOTA GENERAL | |
| Nota general | En cub.: Témoignage |
| 520 ## - RESUMEN, ETC. | |
| Sumario, etc. | Comment, vivant à Madrid en 1936, Paco s'est-il retrouvé en Belgique en 1939 ? Fils de républicain espagnol, il doit fuir l'Espagne au moment de la guerre civile, alors qu'il a à peine dix ans. Avant de quitter son pays, il passe pratiquement trois ans dans ce qu'on appelle alors las colonias. Comme bon nombre d'enfants, il est envoyé avec ses sœurs au début de la guerre dans ces « lieux de vacances » afin de les protéger des bombardements et des atrocités d'un conflit armé qui s'annonce avec force... Francisco Rejas a aujourd'hui quatre-vingt-cinq ans. Il en avait sept lorsqu'il fut séparé de ses parents... Il s'est confié à sa fille, dévoilant son incroyable parcours de niño de guerra. À travers ce témoignage poignant, grande et petite histoire s'entremêlent. Celle d'une famille, celle de l'Espagne entière. Celle de la guerre, de l'exil, du déracinement, mais aussi des retrouvailles. Une page de vie saisissante pour un indispensable devoir de mémoire. |
| 651 #4 - PUNTO DE ACCESO ADICIONAL DE MATERIA--NOMBRE GEOGRÁFICO | |
| Nombre geográfico | España- |
| Subdivisión general | Historia- |
| Subdivisión cronológica | 1936-1939, Guerra civil- |
| Subdivisión de forma | Relatos personales |
| 9 (RLIN) | 8326 |
| 700 1# - ENTRADA AGREGADA--NOMBRE PERSONAL | |
| 9 (RLIN) | 234557 |
| Nombre de persona | Pineira-Tresmontant, Carmen |
| Término indicativo de función/relación | Autor de introducción |
| 852 ## - LOCALIZACIÓN | |
| Ubicación | ES-MaACL |
| Sublocalización o colección | R. 154798 |
| Ubicación en estantería | Depósito J |
| Número de control de estantería | N-9558 |
| itemnumber | 200863 |
| Donativo/Legado | Donación: Mari Carmen Rejas |
| Encuadernación | Encuadernación rústica |
| 903 ## - NOMBRE PERSONAL DE DONANTE | |
| 9 | 234569 |
| a | Rejas, Mari Carmen, |
| d | 1955- |
| e | Donante |
| 942 ## - ELEMENTOS DE ENTRADA SECUNDARIOS (KOHA) | |
| Suprimir en OPAC | No |
| Tipo de ítem Koha | Libro impreso |
| Estatus retirado | Estado de pérdida | Fuente del sistema de clasificación o colocación | Estado de daño | No para préstamo | Biblioteca de origen | Biblioteca actual | Ubicación en estantería | Fecha de adquisición | Fuente de adquisición | Número de control de estantería | Total de préstamos | Signatura topográfica completa | Código de barras | Visto por última vez | Tipo de ítem Koha |
|---|---|---|---|---|---|---|---|---|---|---|---|---|---|---|---|
| Clasificación decimal universal | Biblioteca del Ateneo de Madrid | Biblioteca del Ateneo de Madrid | Depósito J | 21/11/2023 | Donación | Ateneísta | N-9558 | 101206061 | 21/11/2023 | Libro impreso |
